=LDR 00000nam 2200000 4500 =001 INLIS000000000058418 =005 20210921011622 =035 ##$$a 0010-0921000222 =007 ta =008 210921###########################0#ind## =020 ##$$a 978-602-0837-35-2 =082 ##$$a 297.355 =084 ##$$a 297.355 Abu a =245 1#$$a Ayo jauhi dosa - dosa besar /$c Abu Afifah Ar Raji =300 ##$$a 83 halaman : $b ilustrasi ; $c 20cm =650 #4$$a Doa - cerita -cerita =264 ##$$a Sukoharjo :$b Zamzam,$c 2020 =336 ##$$a teks$2 rdacontent =337 ##$$a lain-lain$2 rdamedia =338 ##$$a lain-lain$2 rdacarrier =990 ##$$a 10851085 =990 ##$$a 10851085